000 00284nam a2200121Ia 4500
005 20251222141901.0
008 251222s9999||||xx |||||||||||||| ||spa||
082 _a323.6/C32
100 _aCassidy, Eoin G.
245 0 _aCommunity - Constitution - Ethos:
264 _bREA
942 _cLIB
999 _c8059
_d8059